000 02676cas a2200601 4500
001 data
005 20260322212104.0
008 data
010 _a 27027381
_zsn 88008116
019 _a1246192001
_a1246192001
022 0 _a1041-1364
_21
023 0 _a1041-1364
_21
029 1 _aAU@
_b000025621966
035 _a(OCoLC)1758000
040 _aMHS
_beng
_cMUL
_dOCLCQ
_dDLC
_dOCLCQ
_dOCLCF
_dOCLCO
_dEUW
_dOCLCO
_dOCLCQ
_dGZH
_dOCLCL
_dOCLCQ
042 _apremarc
_amsc
_apremarc
050 0 0 _aQL801
_b.M5
082 1 0 _a574
_211
_1https://id.oclc.org/worldcat/ddc/E3McW738XdhQ4VpXdHxrbjfVkp
110 2 _aUniversity of Minnesota.
_bDepartment of Anatomy.
210 0 _aContrib. Dep. Anat.
222 0 _aContributions from the Department of Anatomy
245 1 0 _aContributions from the Department of Anatomy /
_cUniversity of Minnesota.
260 _aMinneapolis [Minn.],
_bUniversity of Minnesota.
300 _a24 volumes
_billustrations
_c25 cm
310 _aBiennial
336 _atext
_btxt
_2rdacontent
337 _aunmediated
_bn
_2rdamedia
338 _avolume
_bnc
_2rdacarrier
362 0 _av. 1-14; 1909/11-1955/56.
500 _aAt head of title: The University of Minnesota.
500 _aReprints, of varying sizes, from medical journals.
650 0 _aAnatomy
_vPeriodicals.
650 2 _aAnatomy.
650 7 _aAnatomy.
_2fast
_0(OCoLC)fst00808440
655 7 _aPeriodicals.
_2fast
_0(OCoLC)fst01411641
655 7 _aPeriodicals.
_2rbgenr
776 0 8 _iOnline version:
_aUniversity of Minnesota. Department of Anatomy.
_tContributions from the Department of Anatomy
_w(OCoLC)760808295
906 _a7
_bcbc
_cserials
_du
_encip
_f19
_gn-oclcserc
991 _bc-GenColl
_hQL801
_i.M5
_wSERIALS
991 _bc-GenColl
_hQL801
_i.M5
_p00055078579
_tCopy 1
_v1-2 * 1909 -13
_wCCF
991 _bc-GenColl
_hQL801
_i.M5
_p00055078786
_tCopy 1
_v10 * 1926 -27
_wCCF
991 _bc-GenColl
_hQL801
_i.M5
_p0005507866A
_tCopy 1
_v11 * 1928 -29
_wCCF
991 _bc-GenColl
_hQL801
_i.M5
_p00055078701
_tCopy 1
_v12 * 1930 -31
_wCCF
991 _bc-GenColl
_hQL801
_i.M5
_p00055078749
_tCopy 1
_v13 * 1932 -33
_wCCF
991 _bc-GenColl
_hQL801
_i.M5
_p00055078580
_tCopy 1
_v14 * 1934 -35
_wCCF
991 _bc-GenColl
_hQL801
_i.M5
_p00055078622
_tCopy 1
_v15 * 1936 -37
_wCCF
991 _bc-GenColl
_hQL801
_i.M5
_p00055078610
_tCopy 1
_v3-4 * 1914 -16
_wCCF
991 _bc-GenColl
_hQL801
_i.M5
_p0005507849A
_tCopy 1
_v5-6 * 1917 -19
_wCCF
991 _bc-GenColl
_hQL801
_i.M5
_p00055078531
_tCopy 1
_v7 * 1920 -1921
_wCCF
991 _bc-GenColl
_hQL801
_i.M5
_p00055078415
_tCopy 1
_v8 * 1922 -1923
_wCCF
991 _bc-GenColl
_hQL801
_i.M5
_p00055078452
_tCopy 1
_v9 * 1924 -25
_wCCF
999 _c1524
_d1524